| 000 | 00349nam a2200133Ia 4500 | ||
|---|---|---|---|
| 008 | 240624s9999 xx 000 0 und d | ||
| 041 | _aeng | ||
| 082 | _a658.404 WYZ | ||
| 100 | _aWYZOCKI ROBERT K | ||
| 245 | _aEFFECTIVE PROJECT MANAGEMENT TRADITIONAL | ||
| 250 | _a(3rd ed.) | ||
| 260 |
_c2003 _aNew Delhi _bWiley Dreamtech India |
||
| 300 | _axi, : 464 | ||
| 999 |
_c945 _d945 |
||